Guardes forestals: Que fem? : Xarxa de parcs naturals Que fem? :
Publicado:
Barcelona :
Diputació de Barcelona. Àrea de Territori i Sostenibilitat. Espais Naturals i Medi Ambient. Gerència de Serveis d’Espais Naturals ,
2014
Descripción Física:
1 díptic ; 21 cm
MARC
| LEADER | 00000nam a2200000Ia 4500 | ||
|---|---|---|---|
| 001 | 23670 | ||
| 003 | AGDB | ||
| 005 | 20260324180613.0 | ||
| 008 | 160829s2014 xx 000 0 cat d | ||
| 040 | |a agdb |b cat | ||
| 245 | |a Guardes forestals: |b Que fem? : |b Xarxa de parcs naturals | ||
| 260 | |a Barcelona : |b Diputació de Barcelona. Àrea de Territori i Sostenibilitat. Espais Naturals i Medi Ambient. Gerència de Serveis d’Espais Naturals, |c 2014 | ||
| 300 | |a 1 díptic ; |c 21 cm | ||
| 650 | 0 | |a Boscos |x Protecció |z Barcelona (Catalunya : Província) |9 49835 | |
| 650 | 0 | |a Natura |x Protecció |9 40664 | |
| 650 | 0 | |a Guardaboscos |9 36689 | |
| 655 | 0 | |a Fulletons |9 55858 | |
| 710 | 1 | |a Barcelona (Catalunya : Província). |b Gerència de Serveis d’Espais Naturals |9 52730 | |
| 901 | |a Arxiu | ||
| 942 | |n 1 |2 udc |c ARXIU | ||
| 952 | |0 0 |1 0 |4 0 |6 FU62136 |7 1 |9 55630 |a Arxiu |b Arxiu |d 2016-12-01 |l 0 |o FU-62-136 |p 23670 |r 2016-12-01 00:00:00 |w 2016-12-01 |y ARXIU | ||
| 999 | |c 59503 |d 59503 | ||